Mums jāpārnāk ...

Titel: Mums jāpārnāk ... : latviešu karavīri - pēdējie Berlīnes aizstāvji / Aivars Pētersons
Verfasser:
Veröffentlicht: Rīga : Aplis, 2003
Umfang: 301 S. : Ill., Kt.
Format: Buch
Sprache: Lettisch
Schlagworte:
ISBN: 9984101622
Buchumschlag
X
alg: 11899851
001A    $03004:18-02-04 
001B    $06055:18-03-26 $t20:07:26.000 
001C    $06000:01-08-13 $t17:22:48.000 
001D    $03004:23-03-04 
001U    $0utf8 
001X    $00 
002@    $0Aau 
003@    $011899851X 
003O    $054350742 $aOCoLC 
004A    $09984-10-162-2 
006G    $01025355083 
006H    $0TOCNEUA1331 $2DNB 
006U    $f20120823 
007A    $011899851X $aHEB 
007G    $0DE020C7B3B1BC3708A2F2C12582C1002CDDF1 
007T    $0Herdhh11899851X 
009P    $qapplication/pdf $A2 $3Inhaltsverzeichnis $uhttp://scans.hebis.de/HEBCGI/show.pl?11899851_toc.pdf $mV:DE-603;B:DE-Mb50 
010@    $alav 
011@    $a2003 
013H    $0z 
019@    $alv 
021A    $aMums jāpārnāk ... $dlatviešu karavīri - pēdējie Berlīnes aizstāvji $hAivars Pētersons 
028A    $D20231015 $Ecgwrk $7103735950X $8Pētersons, Aivars$Z1933- [Tp3] $9326110712 
033A    $pRīga $nAplis 
034D    $a301 S. 
034M    $aIll., Kt. 
044K    $RZweiter Weltkrieg $RSchlacht $#Berlin, Battle of, Berlin, Germany, 1945 $#Bataille de Berlin (1945) $#Battaglia di Berlino <1945> $#Berlín, Batalla de, 1945 $#Eroberung von Berlin 1945 $#Operation Berlin $D20251120 $Ecgmnf $74213094-3 $8Schlacht um Berlin [Ts1] $9086097032 
044K    $RSoldat $RLetten $D20251120 $Ecgmnf $74554612-5 $8Lettischer Soldat [Ts1] $9089509110 

lok: 11899851 24

exp: 11899851 24 1 #EPN
201B/01 $023-03-04 $t15:14:56.000 
201C/01 $018-02-04 
203@/01 $0209518871 
208@/01 $a18-02-04 $bz 
209A/01 $a04.0808 $du $f050 $h04 0808 $x00 
209C/01 $a04.0808 K $h04 0808 K 
209G/01 $a70507552 $x00 
220C/01 $amar 
247C/01 $8358050-7 Marburg, Bibliothek des Herder-Instituts Marburg $9102600961 
201U/01 $0utf8 

lok: 11899851 78

exp: 11899851 78 1 #EPN
201B/01 $019-04-17 $t19:20:56.000 
201U/01 $0utf8 
203@/01 $0793949718 
208@/01 $a12-11-16 $be 
209A/01 $a/ $f000 $x00 
237A/01 $aweiterführende Signatur(en): Herder-Institut: 04.0808 
244Z/01 $2Trx $8--Trx--Monographie $x01 $9391384546 
247C/01 $82080>Marburg/Lahn, Herder-Institut, Forschungsbibliothek, Bibliographieportal $9336309341
LEADER 00000cam a2200000 c 4500
001 11899851X
003 DE-603
005 20260318200726.0
007 tu
008 040218s2003 xx |||| | u00||u|lav
016 7 |2 DE-101  |a 1025355083 
020 |a 9984101622 
035 |a (DE-599)HEB11899851X 
035 |a (OCoLC)54350742 
040 |a DE-603  |b ger  |c DE-603  |d DE-603 
041 |a lav 
100 1 |a Pētersons, Aivars  |d 1933-  |0 (DE-603)326110712  |0 (DE-588)103735950X  |2 gnd 
245 0 0 |a Mums jāpārnāk ...  |b latviešu karavīri - pēdējie Berlīnes aizstāvji  |c Aivars Pētersons 
264 1 |a Rīga  |b Aplis  |c 2003 
300 |a 301 S.  |b Ill., Kt. 
650 7 |a Schlacht um Berlin  |0 (DE-588)4213094-3  |0 (DE-603)086097032  |2 gnd 
650 7 |a Lettischer Soldat  |0 (DE-588)4554612-5  |0 (DE-603)089509110  |2 gnd 
856 4 2 |m V:DE-603;B:DE-Mb50  |q application/pdf  |u http://scans.hebis.de/HEBCGI/show.pl?11899851_toc.pdf  |3 Inhaltsverzeichnis 
924 0 |9 Mb 50  |a (DE-603)209518871  |b DE-Mb50  |c HES  |d c  |g 04.0808 
924 0 |9 2080  |a (DE-603)793949718  |b DE-2080  |c HES  |d d  |g /